000 00841nam a2200241Ia 4500
003 OSt
005 20220918105518.0
006 a|||||r|||| 00| 0
007 ta
008 220915b |||||||| |||| 00| 0 hin d
024 _a216510
037 _cReference Collections
040 _aARTS
_cARTS
_bhin
041 _2hin
_ahin
082 _aP111,4:4k, 152M8;1;2(RR)
100 _aतिवारी, भोला नाथ, संपा.
_91849
245 0 _aअग्रेंजी हिन्दी मुहावरा लोकाक्ति कोश
246 _aAgreanjī hindī muhāvarā lokākti kosha
260 _c1988
300 _a591पृ0
942 _hP111,4:4k, 152M8;1;2(RR)
_cREF
999 _c107725
_d107725